| Tag |
First Indicator |
Second Indicator |
Subfields |
| LEADER |
00000cam a2200000 4500 |
| 001 |
in00000034714 |
| 005 |
20151007062014.0 |
| 008 |
740918m19699999njua j 00000 eng u |
| 035 |
|
|
|a (OCoLC)01014602
|
| 035 |
|
|
|9 AAD3727AM
|
| 040 |
|
|
|c IEA
|d TXA
|d UtOrBLW
|
| 049 |
|
|
|a [Curr Col] TXAM
|d [
|v = Grade]
|c 1
|v 7 [970028]
|v 8 [952562]
|c 2
|v 8 [1419092]
|
| 090 |
|
|
|a N87
|b .M6 1969
|
| 100 |
1 |
|
|a Morman, Jean Mary.
|
| 245 |
1 |
0 |
|a Art: of wonder & a world /
|c Educational consultants: Mary Pearl Temple [and others] Design consultant: Norman Laliberte.
|
| 264 |
|
1 |
|a Blauvelt, N. J. :
|b Art Education,
|c [1969-]
|
| 264 |
|
4 |
|c [©1969-]
|
| 300 |
|
|
|a volumes :
|b illustrations ;
|c 27 cm.
|
| 336 |
|
|
|a text
|b txt
|2 rdacontent
|
| 337 |
|
|
|a unmediated
|b n
|2 rdamedia
|
| 338 |
|
|
|a volume
|b nc
|2 rdacarrier
|
| 500 |
|
|
|a Gr. 7-12.
|
| 650 |
|
0 |
|a Art
|x Study and teaching.
|
| 650 |
|
0 |
|a Aesthetics.
|
| 999 |
|
|
|a MARS
|
| 999 |
f |
f |
|s 1bdf4ff0-79de-3811-9363-727fd3eed0c5
|i 43c664a8-f5db-3b1c-93a7-936be76697ed
|t 0
|
| 952 |
f |
f |
|p normal
|a Texas A&M University
|b College Station
|c Sterling C. Evans Library
|d Evans: Library Stacks
|t 0
|e N87 .M6 1969
|h Library of Congress classification
|i unmediated -- volume
|k v.8
|m A14800225746
|
| 952 |
f |
f |
|p normal
|a Texas A&M University
|b College Station
|c Sterling C. Evans Library
|d Evans: Library Stacks
|t 0
|e N87 .M6 1969
|h Library of Congress classification
|i unmediated -- volume
|k v.7
|m A14800225720
|
| 998 |
f |
f |
|a N87 .M6 1969
|s Grade 7- Grade 8
|t 0
|l Evans: Library Stacks
|